<?xml version="1.0" encoding="UTF-8"?>
<record
    xmlns:xsi="http://www.w3.org/2001/XMLSchema-instance"
    xsi:schemaLocation="http://www.loc.gov/MARC21/slim http://www.loc.gov/standards/marcxml/schema/MARC21slim.xsd"
    xmlns="http://www.loc.gov/MARC21/slim">

  <leader>00714nam a2200157Ia 4500</leader>
  <controlfield tag="008">090124s9999    xx            000 0 und d</controlfield>
  <datafield tag="082" ind1=" " ind2=" ">
    <subfield code="b">3628</subfield>
  </datafield>
  <datafield tag="245" ind1=" " ind2=" ">
    <subfield code="a"> &#x930;&#x918;&#x941;&#x92E;&#x93E;&#x925; &#x92A;&#x902;&#x921;&#x93F;&#x924; &#x935;&#x93F;&#x930;&#x91A;&#x93F;&#x924; &#x928;&#x932;-&#x926;&#x92E;&#x92F;&#x902;&#x924;&#x940; &#x938;&#x94D;&#x935;&#x92F;&#x902;&#x935;&#x930;</subfield>
  </datafield>
  <datafield tag="250" ind1=" " ind2=" ">
    <subfield code="a">1</subfield>
  </datafield>
  <datafield tag="260" ind1=" " ind2=" ">
    <subfield code="b">&#x938;&#x94B;&#x92E;&#x92F;&#x94D;&#x92F;&#x93E; &#x92A;&#x92C;&#x94D;&#x932;&#x93F;&#x915;&#x947;&#x936;&#x928;&#x94D;&#x938; &#x92A;&#x94D;&#x930;&#x93E;. &#x932;&#x93F;. &#x92C;&#x949;&#x901;&#x92E;&#x94D;&#x92C;&#x947;</subfield>
    <subfield code="c">1971</subfield>
  </datafield>
  <datafield tag="300" ind1=" " ind2=" ">
    <subfield code="a">140</subfield>
  </datafield>
  <datafield tag="630" ind1=" " ind2=" ">
    <subfield code="a"> &#x930;&#x918;&#x941;&#x92E;&#x93E;&#x925; &#x92A;&#x902;&#x921;&#x93F;&#x924; &#x935;&#x93F;&#x930;&#x91A;&#x93F;&#x924; &#x928;&#x932;-&#x926;&#x92E;&#x92F;&#x902;&#x924;&#x940; &#x938;&#x94D;&#x935;&#x92F;&#x902;&#x935;&#x930;</subfield>
  </datafield>
  <datafield tag="700" ind1=" " ind2=" ">
    <subfield code="a">&#x92D;&#x93F;&#x921;&#x947; &#x936;&#x94D;&#x930;&#x940;.&#x930;.</subfield>
  </datafield>
  <datafield tag="730" ind1=" " ind2=" ">
    <subfield code="a"> &#x930;&#x918;&#x941;&#x92E;&#x93E;&#x925; &#x92A;&#x902;&#x921;&#x93F;&#x924; &#x935;&#x93F;&#x930;&#x91A;&#x93F;&#x924; &#x928;&#x932;-&#x926;&#x92E;&#x92F;&#x902;&#x924;&#x940; &#x938;&#x94D;&#x935;&#x92F;&#x902;&#x935;&#x930;</subfield>
  </datafield>
  <datafield tag="942" ind1=" " ind2=" ">
    <subfield code="c">BOOK</subfield>
  </datafield>
  <datafield tag="999" ind1=" " ind2=" ">
    <subfield code="c">82912</subfield>
    <subfield code="d">82912</subfield>
  </datafield>
  <datafield tag="952" ind1=" " ind2=" ">
    <subfield code="0">0</subfield>
    <subfield code="1">0</subfield>
    <subfield code="4">0</subfield>
    <subfield code="7">0</subfield>
    <subfield code="a">THNNWM</subfield>
    <subfield code="b">THNNWM</subfield>
    <subfield code="d">0000-00-00</subfield>
    <subfield code="g">6.00</subfield>
    <subfield code="l">0</subfield>
    <subfield code="o">3628</subfield>
    <subfield code="p">THNNWM-3628</subfield>
    <subfield code="r">2009-01-24 00:00:00</subfield>
    <subfield code="v">6.00</subfield>
    <subfield code="w">2009-01-24</subfield>
    <subfield code="y">BOOK</subfield>
  </datafield>
</record>
